Jazykovědné aktuality. Roč.26, č.1-4, 1989

Bibliographic Details
Format: Book
Language:Undetermined
Published: Praha Jazykovědné sdružení 1989

MARC

LEADER 00000nam a2200000 a 4500
001 vtls001418591
003 SK-MaSNL
005 20260223221417.0
008 210928s1989 xx 0 und
035 |a SNK000373392 
040 |a SNK  |b slo  |c SNK  |e AACR2 
245 1 |a Jazykovědné aktuality. Roč.26, č.1-4, 1989 
260 |a Praha  |b Jazykovědné sdružení  |c 1989 
958 |a OND 
999 |c 726321  |d 728251 
952 |t č. 1-4  |a SNK  |b SNK  |y PREZ  |7 0  |p 17A0311035  |o snkČC 2989/26/1989  |0 0  |1 1  |4 0  |d 2001-08-13  |l 0  |r 2005-01-02 00:00:00  |w 2026-02-23